| 000 | 00741cam a2200241 4500500 | ||
|---|---|---|---|
| 005 | 20260405003830.0 | ||
| 041 | _afre | ||
| 042 | _adc | ||
| 100 | 1 | 0 |
_aLacroix, Alexandre _eauthor |
| 245 | 0 | 0 | _aPierre-Noël Giraud : “Nous laissons piller notre temps libre par les plateformes” |
| 260 | _c2024. | ||
| 500 | _a68 | ||
| 690 | _aAgriculture | ||
| 690 | _aÉconomie | ||
| 690 | _aInégalités | ||
| 690 | _aNomade | ||
| 690 | _aPierre-Noël Giraud | ||
| 690 | _aSédentarité | ||
| 690 | _aTemps | ||
| 690 | _aTemps libre | ||
| 786 | 0 | _nPhilosophie magazine | 178 | 4 | 2024-04-01 | p. 12-12 | 1951-1787 | |
| 856 | 4 | 1 | _uhttps://shs.cairn.info/magazine-philosophie-magazine-2024-4-page-12?lang=fr&redirect-ssocas=7080 |
| 999 |
_c2071265 _d2071265 |
||